Theology after hardt and negri : (Record no. 143191)

MARC details
000 -LEADER
fixed length control field 00615nam a22001937a 4500
005 - DATE AND TIME OF LATEST TRANSACTION
control field 20171013163255.0
010 ## - LCCN (DPL NO)
LC control number ENG-120196
020 ## - INTERNATIONAL STANDARD BOOK NUMBER
Terms of availability 75.00
International Standard Book Number 9788184656091
035 ## - SYSTEM CONTROL NUMBER
System control number EN-103728
037 ## - SOURCE OF ACQUISITION
Source of stock number/acquisition DBAD/PUB
082 ## - DEWEY DECIMAL CLASSIFICATION NUMBER
Classification number 280.061
100 ## - MAIN ENTRY--PERSONAL NAME
Personal name Vinayaraj,Y.T
245 ## - TITLE STATEMENT
Title Theology after hardt and negri :
Statement of responsibility, etc by Y.T.Vinayaraj
Remainder of title empire,multitude,and the church /
260 ## - PUBLICATION, DISTRIBUTION, ETC. (IMPRINT)
Place of publication, distribution, etc Delhi
Name of publisher, distributor, etc ISPCK
Date of publication, distribution, etc 2017
270 ## - ADDRESS
Address Post Box-1585,1654,Madarsa Road,Kashmere Gate
City Delhi
Postal code 110006
300 ## - PHYSICAL DESCRIPTION
Extent xv,55p.
Dimensions 21cm(pbk)
500 ## - GENERAL NOTE
General note Includes bibliographical reference
942 ## - ADDED ENTRY ELEMENTS (KOHA)
Source of classification or shelving scheme Dewey Decimal Classification
Item type English Books
Classification part 280.061
Call number suffix VIN
Holdings
Withdrawn status Lost status Not for loan Collection code Home library Current library Date acquired Source of acquisition Cost, normal purchase price Full call number Barcode Copy number Cost, replacement price Koha item type
    Not For Loan Non-fiction D.B.Act.Division D.B.Act.Division 29/08/2017 DBAD/PUB 600.00 615.538 DAS EN-103728 1 600.00 English Books

© Delhi Public Library
Hit Counter
free hit counter